Assessors warrant and instructions, 1806 (Record no. 114457)

MARC details
000 -LEADER
fixed length control field 00981cam a22001815a 4500
001 - CONTROL NUMBER
control field L156867
008 - FIXED-LENGTH DATA ELEMENTS--GENERAL INFORMATION
fixed length control field 120724s1806 xxk f 000 0 eng d
035 ## - SYSTEM CONTROL NUMBER
System control number (Sirsi) u156867
041 0# - LANGUAGE CODE
Language code of text/sound track or separate title eng
245 00 - TITLE STATEMENT
Title Assessors warrant and instructions, 1806
Remainder of title no. III, duty on property, &c.
260 ## - PUBLICATION, DISTRIBUTION, ETC.
Place of publication, distribution, etc. [London]
Name of publisher, distributor, etc. Joyce Gold, Printer, Shoe Lane
Date of publication, distribution, etc. 1806
300 ## - PHYSICAL DESCRIPTION
Extent 22p.
Dimensions 20 cm.
520 ## - SUMMARY, ETC.
Summary, etc. The item is a set of instructions for assessors tasked with estimating the annual value of all lands, tenements, and hereditaments within a certain parish. Blank spaces are left in the text for the details of the particular parish, dates etc. and these have been completed in pen with details of the parish of Hopton and Coton in Staffordshire. The signatures of the commissioners, Thomas Whitby and J. Sparrow, are also included, together with their seals.
583 ## - ACTION NOTE
Action Condition reviewed
Time/date of action 20120620
Status condition level 2
651 #4 - SUBJECT ADDED ENTRY--GEOGRAPHIC NAME
Geographic name England
Chronological subdivision 886-
690 ## - LOCAL SUBJECT ADDED ENTRY--TOPICAL TERM (OCLC, RLIN)
Topical term or geographic name as entry element Valuation
9 (RLIN) 6273
942 ## - ADDED ENTRY ELEMENTS (KOHA)
Suppress in OPAC 0
Holdings
Withdrawn status Lost status Source of classification or shelving scheme Damaged status Not for loan Home library Current library Shelving location Date acquired Total Checkouts Full call number Barcode Date last seen Copy number Price effective from Koha item type
    Dewey Decimal Classification     Historic collection Historic collection Historic collection 24/07/2012   OCTAVO 1806 ASSESSORS 30077085 06/08/2019 1 06/08/2019 Book